书目信息 |
| 题名: |
吕氏春秋
|
|
| 作者: | 吕不韦 编著 ;清宣 译注 | |
| 分册: | ||
| 出版信息: | 北京 中国书店 2024.05 |
|
| 页数: | 212页 | |
| 开本: | 22cm | |
| 丛书名: | ||
| 单 册: | ||
| 中图分类: | B229.2 | |
| 科图分类: | ||
| 主题词: | ||
| 电子资源: | ||
| ISBN: | 978-7-5149-3444-1 | |
| 000 | 01102nam0 2200253 450 | |
| 001 | 01183853 | |
| 005 | 20251023090134.22 | |
| 010 | @a978-7-5149-3444-1@b精装@dCNY55.00 | |
| 100 | @a20250218d2024 em y0chiy0120 ea | |
| 101 | 0 | @achi |
| 102 | @aCN@b110000 | |
| 105 | @ay z 000yy | |
| 106 | @ar | |
| 200 | 1 | @a吕氏春秋@9lv shi chun qiu@f(战国)吕不韦编著@g清宣译注 |
| 210 | @a北京@c中国书店@d2024.05 | |
| 215 | @a212页@d22cm | |
| 300 | @a中华国学经典普及本 | |
| 330 | @a本书又称《吕览》,是在秦国相邦吕不韦的主持下,集合门客们编撰的一部杂家名著。成书于秦始皇统一中国前夕。此书以“道家学说”为主干,以名家、法家、儒家、墨家、农家、兵家、阴阳家思想学说为素材,熔诸子百家学说于一炉。吕不韦想以此作为大秦统一后的意识形态。但后来执政的秦始皇却选择了法家思想,使包括儒家在内的诸子百家全部受挫。《吕氏春秋》集先秦诸子百家之大成,是战国末期杂家的代表作,全书共分二十六卷,一百六十篇,二十余万字。 | |
| 605 | @a《吕氏春秋》 | |
| 690 | @aB229.2@v5 | |
| 701 | 0 | @c(战国)@a吕不韦@9lv bu wei@4编著 |
| 702 | 0 | @a清宣@9qing xuan@4译注 |
| 801 | 0 | @aCN@c20250911 |
| 905 | @a河南城建学院图书馆@dB229.2@eL889@ZL889@f1 | |
| 吕氏春秋/(战国)吕不韦编著/清宣译注.-北京:中国书店,2024.05 |
| 212页;22cm |
| 中华国学经典普及本 |
| ISBN 978-7-5149-3444-1(精装):CNY55.00 |
| 本书又称《吕览》,是在秦国相邦吕不韦的主持下,集合门客们编撰的一部杂家名著。成书于秦始皇统一中国前夕。此书以“道家学说”为主干,以名家、法家、儒家、墨家、农家、兵家、阴阳家思想学说为素材,熔诸子百家学说于一炉。吕不韦想以此作为大秦统一后的意识形态。但后来执政的秦始皇却选择了法家思想,使包括儒家在内的诸子百家全部受挫。《吕氏春秋》集先秦诸子百家之大成,是战国末期杂家的代表作,全书共分二十六卷,一百六十篇,二十余万字。 |
| ● |
| 相关链接 |
|
|
|
正题名:吕氏春秋
索取号:B229.2/L889
 
预约/预借
| 序号 | 登录号 | 条形码 | 馆藏地/架位号 | 状态 | 备注 |
| 1 | 1635735 | 216357350 | 社科库509/509社科库 14排2列4层/ [索取号:B229.2/L889] | 在馆 |